好日画卷:茶室的色彩 (Record no. 322933)

000 -LEADER
fixed length control field 00396 a2200157 4500
020 ## - ISBN
ISBN 9787559124234
082 ## - 索书号 Call Number
分类号Classification number 974.7
作者号 Author number 7344
100 ## - 作者
作者 (日)森下典子 著
245 ## - 书名 TITLE
书名Title 好日画卷:茶室的色彩
250 ## - 版本 EDITION STATEMENT
版本叙述 Edition statement 初版;平装
260 ## - 出版项PUBLICATION, DISTRIBUTION, ETC. (IMPRINT)
出版社 Name of publisher 辽宁科学技术出版社
出版日期 Date of publication 2022
出版地 Place of publication 沈阳
300 ## - 稽核项 PHYSICAL DESCRIPTION
页数 Number of Pages 127页
尺寸 Dimensions 19公分
500 ## - 一般附注 GENERAL NOTE
附注 General note
700 ## - ADDED ENTRY--PERSONAL NAME
第二作者 / 译者 / 绘者 王春梅 译
942 ## - ADDED ENTRY ELEMENTS (KOHA)
Koha item type Books
Holdings
Source of classification or shelving scheme Not for loan Permanent Location Current Location Shelving location Date acquired Source of acquisition Cost, normal purchase price Full call number Barcode Cost, replacement price Koha item type
    LIBRARY CHUNG HWA HIGH SCHOOL MUAR LIBRARY CHUNG HWA HIGH SCHOOL MUAR 9 艺术类(一楼) 2026-03-25 39.80 974.7 7344 050289 79.60 Books

Powered by Koha